STORM FRONT (Record no. 216495)

MARC details
000 -LEADER
fixed length control field 00368nam a22001577a 4500
008 - FIXED-LENGTH DATA ELEMENTS--GENERAL INFORMATION
fixed length control field 260126b |||||||| |||| 00| 0 eng d
020 ## - INTERNATIONAL STANDARD BOOK NUMBER
International Standard Book Number 9780399159305
050 ## - LIBRARY OF CONGRESS CALL NUMBER
Classification number PS 3569S262013
100 ## - MAIN ENTRY--PERSONAL NAME
Personal name SANDFORD JOHN
245 ## - TITLE STATEMENT
Title STORM FRONT
260 ## - PUBLICATION, DISTRIBUTION, ETC.
Place of publication, distribution, etc. NEW YORK
Name of publisher, distributor, etc. PUTNAM
Date of publication, distribution, etc. 2013
300 ## - PHYSICAL DESCRIPTION
Extent 346P.
650 ## - SUBJECT ADDED ENTRY
Topical term or geographic name entry element READING
942 ## - ADDED ENTRY ELEMENTS (KOHA)
Source of classification or shelving scheme Library of Congress Classification
Koha item type Long Loan Book
Holdings
Withdrawn status Lost status Source of classification or shelving scheme Damaged status Not for loan Collection Home library Current library Shelving location Date acquired Inventory number Total checkouts Full call number Barcode Date last seen Date last checked out Copy number Price effective from Koha item type
    Library of Congress Classification     Fiction & Motivational Kisii University Library Kisii University Library On Display 01/26/2026 55990 1 PS 3669.S26 2013 019129 02/09/2026 01/26/2026 C.1 01/26/2026 Long Loan Book